| 000 | 00375nam a2200157Ia 4500 | ||
|---|---|---|---|
| 008 | 230917s9999||||xx |||||||||||||| ||und|| | ||
| 040 |
_e61910 _aMAIN |
||
| 041 | _aEnglish | ||
| 082 | _a320.03 R54D | ||
| 100 | _aRobertson, David | ||
| 245 | 2 | _aA dectionary of modern politics | |
| 250 | _a2nd ed. | ||
| 260 |
_aLondon _bEuropa _c1993 |
||
| 300 | _ax, 495 p. | ||
| 942 | _cBK | ||
| 999 |
_c86040 _d86040 |
||